| 000 | 00674nam a2200277Ia 4500 | ||
|---|---|---|---|
| 008 | 160803s9999 xx 000 0 und d | ||
| 020 | _a9780060090807 | ||
| 100 | _aBratun, Katy | ||
| 245 | _aGingerbread mouse / | ||
| 245 | _cwritten and illustrated by Katy Bratun. | ||
| 260 | _aNew York : | ||
| 260 | _bScholastic Inc. | ||
| 260 | _c2003 | ||
| 300 | _a1 v. (unpaged) : | ||
| 300 | _bcolor illustrations ; | ||
| 300 | _c26 cm. | ||
| 650 | _aChristmas -- | ||
| 650 | _aDwellings -- | ||
| 650 | _aMice -- | ||
| 650 | _aSanta Claus -- | ||
| 650 | _xFiction. | ||
| 650 | _xFiction. | ||
| 650 | _xFiction. | ||
| 650 | _xFiction. | ||
| 700 | _a530 | ||
| 999 |
_c299456 _d299456 |
||